World's Famous Brands - Statistics

General Stats
  • This quiz has been taken 110 times
  • The average score is 12 of 12
Answer Stats
Picture Answer % Correct
Apple
100%
Nike
99%
Pepsi
99%
Starbucks
99%
Google/Chrome
98%
Instagram
98%
Microsoft/Windows
98%
Youtube
98%
Amazon
97%
Mcdonalds
97%
Tiktok
97%
Android/Samsung
95%
No matching quizzes found
Score Distribution
Percent of People with Each Score
Percentile by Number Answered
Your Score History
You have not taken this quiz